| 000 | 00308nam a2200109Ia 4500 | ||
|---|---|---|---|
| 008 | 230907s9999||||xx |||||||||||||| ||und|| | ||
| 082 |
_a621.199 _bKOL |
||
| 100 |
_aKolanowski, Bernard _9118048 |
||
| 245 |
_aSmall-scale cogeneration handbook / _cBernard Kolanowski. |
||
| 260 | _c2019-09-27 | ||
| 942 |
_2ddc _cEB |
||
| 999 |
_c599668 _d599668 |
||